000 00207nam a22000857a 4500
008 161213b xxu||||| |||| 00| 0 eng d
100 _92023
_aDoshi.M.D.
245 _aGeneral Knowledge-III
260 _bCordova
_c2009
999 _c4895
_d4895